000 00926nam a22002297a 4500
005 20250425161544.0
008 250425b |||||||| |||| 00| 0 eng d
020 _a978-93-5518-522-8 (hbk)
037 _cTB
040 _aCRL
_cCRL
041 _2hin
_ahin
084 _aO152,1x R3
_qCRL
100 _aसिंह, अनुराधा
_9753058
245 _aउत्सव का पुष्प नहीं हूँ
260 _aनई दिल्ली, भारत:
_bवाणी प्रकाशन,
_c2023.
300 _a152पृ0
365 _b450.00
_cINR
650 _aहिन्दी कविता
650 _aहिन्दी साहित्य
942 _2CC
_cTB
_hO152,1x R3
_n0
999 _c1309414
_d1309414